000 003070000a22000970004500
100 1 _aDuque Zuñiga, José
245 1 0 _aEl SBL en el camino de la esperanza : Un nuevo modelo de educación teológica
300 _aVol. 10, Num 2 (Diciembre, 1990), Páginas 35-39
773 0 _tVida y pensamiento
942 _cANA
999 _c52996
_d52996